| 000 | 00325nam a2200109Ia 4500 | ||
|---|---|---|---|
| 008 | 201216s9999 xx 000 0 und d | ||
| 100 | _aCrawford, Elisabeth | ||
| 245 | 0 | _a(The) Beginings of the Nobel Institution: The Science Prizes, 1901 - 1915 | |
| 260 |
_aCambridge _bCambridge University Press |
||
| 300 | _a281 | ||
| 942 | _cBK | ||
| 999 |
_c6797 _d6797 |
||